[Event "28th Chicago Open"]
[Site "Chicago"]
[Date "2019.05.23"]
[Round "1"]
[White "Quesada Perez, Yasser"]
[Black "Canty, James"]
[Result "1-0"]
[WhiteElo "2558"]
[BlackElo "2222"]
[PlyCount "60"]
[EventDate "2019.05.??"]
[EventType "swiss"]
[EventRounds "9"]
[EventCountry "USA"]

1. e4 c5 2. Nc3 g6 3. d4 cxd4 4. Qxd4 Nf6 5. Be3 Nc6 6. Qd2 Bg7 7. f3 O-O 8.
O-O-O d6 9. Nge2 Qa5 10. Kb1 b5 11. Nd4 Nxd4 12. Bxd4 e5 13. Be3 Be6 14. Nd5
Qa6 15. h4 Rac8 16. g4 Bxd5 17. exd5 e4 18. h5 exf3 19. hxg6 fxg6 20. Qh2 Qa4
21. Rd4 Qa5 22. Bd3 Rce8 23. Bd2 Qb6 24. Rf4 Re7 25. Bc3 Qe3 26. a3 f2 27. Rxf2
h5 28. Re2 Nxd5 29. Rxe3 Nxc3+ 30. bxc3 Rxe3 1-0

[Event "28th Chicago Open"]
[Site "Chicago"]
[Date "2019.05.23"]
[Round "1"]
[White "Shabalov, Alexander"]
[Black "Turgut, Aydin"]
[Result "1/2-1/2"]
[WhiteElo "2528"]
[BlackElo "2195"]
[PlyCount "65"]
[EventDate "2019.05.??"]
[EventType "swiss"]
[EventRounds "9"]
[EventCountry "USA"]

1. c4 e5 2. Nc3 Nc6 3. Nf3 Nf6 4. a3 d5 5. cxd5 Nxd5 6. Qc2 Be6 7. e3 a6 8. b4
Nxc3 9. Qxc3 e4 10. Ne5 Nxe5 11. Qxe5 Qd5 12. Bb2 O-O-O 13. Qxd5 Bxd5 14. Rc1
h5 15. Bc4 Rh6 16. Ke2 Rg6 17. Rhg1 f5 18. Bxd5 Rxd5 19. f3 Bd6 20. fxe4 fxe4
21. g3 Rg4 22. h3 Rxg3 23. Rxg3 Bxg3 24. Bxg7 Rf5 25. Rc4 Rf2+ 26. Kd1 Rf1+ 27.
Kc2 Rh1 28. Rxe4 Rxh3 29. Be5 Bxe5 30. Rxe5 Rh1 31. Re7 h4 32. Rh7 h3 33. e4
1/2-1/2

[Event "28th Chicago Open"]
[Site "Chicago"]
[Date "2019.05.23"]
[Round "1"]
[White "Park, Evan"]
[Black "Santarius, Erik"]
[Result "0-1"]
[WhiteElo "2070"]
[BlackElo "2396"]
[PlyCount "114"]
[EventDate "2019.05.??"]
[EventType "swiss"]
[EventRounds "9"]
[EventCountry "USA"]

1. e4 e5 2. Nf3 Nc6 3. Bc4 Bc5 4. d3 Nf6 5. O-O d6 6. a4 a6 7. c3 Ba7 8. Re1 h6
9. Nbd2 O-O 10. h3 Re8 11. Nf1 Be6 12. Bxe6 Rxe6 13. Be3 Bxe3 14. Nxe3 d5 15.
Nf5 Qd7 16. b4 dxe4 17. dxe4 Qxd1 18. Raxd1 Rae8 19. Nd2 Ne7 20. Nxe7+ R8xe7
21. Nb3 b6 22. Rd8+ Re8 23. Rxe8+ Rxe8 24. f3 Rd8 25. Kf2 Nh5 26. Re2 Rd6 27.
g3 Rg6 28. Rd2 Rxg3 29. Rd8+ Kh7 30. Rd7 Rxh3 31. Rxc7 Rh2+ 32. Kg1 Rb2 33. a5
bxa5 34. Nxa5 f6 35. c4 Ng3 36. c5 h5 37. Nc4 Re2 38. Rd7 h4 39. Rd2 Re1+ 40.
Kg2 Rc1 41. Ne3 Kg6 42. Nc2 Nh5 43. Kh3 Nf4+ 44. Kh2 Rf1 45. Ne3 Rxf3 46. Nd5
Rh3+ 47. Kg1 Rg3+ 48. Kh2 Ne6 49. c6 Ng5 50. Rg2 Kf7 51. Rxg3 hxg3+ 52. Kxg3
Nxe4+ 53. Kf3 Ng5+ 54. Ke3 Ke6 55. Kd3 Kd6 56. c7 Kd7 57. Kc4 Ne6 0-1

[Event "28th Chicago Open"]
[Site "Chicago"]
[Date "2019.05.23"]
[Round "1"]
[White "Hu, Yu A"]
[Black "Mulyar, Michael"]
[Result "1-0"]
[WhiteElo "2061"]
[BlackElo "2390"]
[PlyCount "101"]
[EventDate "2019.05.??"]
[EventType "swiss"]
[EventRounds "9"]
[EventCountry "USA"]

1. e4 e5 2. Nf3 Nc6 3. Bb5 a6 4. Ba4 Nf6 5. d3 b5 6. Bb3 Bc5 7. Nc3 h6 8. Nd5
O-O 9. c3 d6 10. Nxf6+ Qxf6 11. Bd5 Bd7 12. Rg1 h5 13. h3 Rae8 14. g4 hxg4 15.
hxg4 Ne7 16. Bg5 Qg6 17. Bxe7 Rxe7 18. g5 Qh5 19. Ke2 Bg4 20. Rxg4 Qxg4 21. Qh1
g6 22. Rg1 Qh5 23. Qxh5 gxh5 24. g6 Kg7 25. gxf7+ Kh6 26. Nh4 Rexf7 27. Bxf7
Rxf7 28. Nf5+ Kh7 29. Rg5 b4 30. Rxh5+ Kg6 31. Rh8 bxc3 32. bxc3 Bb6 33. Rg8+
Kh7 34. Rg2 Ba5 35. Kd2 Bb6 36. f3 Rf6 37. d4 exd4 38. cxd4 d5 39. Ke3 dxe4 40.
fxe4 Rf7 41. Rh2+ Kg6 42. Kf4 Rf8 43. Rh6+ Kf7 44. e5 Ke8 45. Ke4 Rg8 46. Kd5
Kd8 47. Ke6 Rf8 48. Rf6 Re8+ 49. Kf7 Rh8 50. e6 Ba5 51. e7+ 1-0

[Event "28th Chicago Open"]
[Site "Chicago"]
[Date "2019.05.23"]
[Round "1"]
[White "Chen, Jonathan"]
[Black "Williams, Justus"]
[Result "1/2-1/2"]
[WhiteElo "2012"]
[BlackElo "2355"]
[PlyCount "142"]
[EventDate "2019.05.??"]
[EventType "swiss"]
[EventRounds "9"]
[EventCountry "USA"]

1. d4 Nf6 2. c4 e6 3. Nf3 Bb4+ 4. Nbd2 O-O 5. a3 Be7 6. e4 d6 7. Be2 c5 8. b3
cxd4 9. Nxd4 a6 10. Bb2 Qc7 11. O-O Nbd7 12. Qc2 b6 13. Rac1 Bb7 14. b4 Rac8
15. Qb1 Rfe8 16. Rfe1 Qb8 17. Bf1 Bd8 18. g3 h5 19. N4f3 Qa8 20. Bg2 Nf8 21.
Qd3 Qb8 22. e5 dxe5 23. Nxe5 Be7 24. Bxb7 Qxb7 25. Qf3 Qxf3 26. Ndxf3 N8d7 27.
Red1 Red8 28. Nxd7 Rxd7 29. Rxd7 Nxd7 30. Rd1 Rc7 31. Ne5 Nxe5 32. Bxe5 Rxc4
33. Rd7 Bg5 34. Ra7 f6 35. Bb8 Rc8 36. Bf4 Bxf4 37. gxf4 Kh7 38. Rxa6 Rb8 39.
Kg2 Kg6 40. Ra7 b5 41. Kf3 Rd8 42. Ke3 Kf5 43. Rb7 Rd5 44. Rxg7 Rd1 45. Rb7 Rd5
46. Rc7 Kg4 47. Rc5 Kh3 48. Rc6 Rd1 49. Ke2 Ra1 50. Rxe6 Ra2+ 51. Ke3 Kxh2 52.
Rxf6 Rxa3+ 53. Kd4 Rf3 54. Ke5 h4 55. Rh6 h3 56. f5 Rxf2 57. Rg6 Kh1 58. f6 h2
59. Ke6 Re2+ 60. Kd5 Re5+ 61. Kd6 Re6+ 62. Kd7 Re7+ 63. Kc6 Re6+ 64. Kxb5 Rb6+
65. Kc5 Rxb4 66. f7 Rf4 67. Rg7 Rxf7 68. Rxf7 Kg2 69. Rg7+ Kf3 70. Rh7 Kg2 71.
Rxh2+ Kxh2 1/2-1/2